000
00338pab a2200145 454500
008
180718b1988 xxu||||| |||| 00| 0 eng d
100
_a
Dev, S.K.
245
_a
Pakistan - India
_b
Confrontation to conviviality
260
_c
1988
300
_a
9-10,14
362
_a
31 Dec.
650
_a
Democracy
773
_a
Mainstream
909
_a
7160
999
_c
7160
_d
7160